[Event "St Petersburg White Nights op"]
[Site "St Petersburg"]
[Date "2012.06.10"]
[Round "9"]
[White "Pershin, Denis"]
[Black "Kosov, Ivan"]
[Result "1/2-1/2"]
[WhiteElo "2141"]
[BlackElo "2363"]
[PlyCount "77"]
[EventDate "2012.06.02"]
[EventType "swiss"]
[EventRounds "9"]
[EventCountry "RUS"]
[SourceTitle "CBM 148 Extra"]
[Source "ChessBase"]
[SourceDate "2012.06.22"]
[SourceVersion "1"]
[SourceVersionDate "2012.06.22"]
[SourceQuality "1"]

1. e4 c5 2. Nf3 d6 3. d4 cxd4 4. Nxd4 Nf6 5. Nc3 a6 6. Be3 e5 7. Nb3 Be6 8. f3 Be7 9. Qd2 0-0 10. 0-0-0 Nbd7 11. g4 b5 12. g5 b4 13. Ne2 Ne8 14. f4 a5 15. f5 a4 16. Nbd4 exd4 17. Nxd4 b3 18. Kb1 bxc2+ 19. Nxc2 Bb3 20. axb3 axb3 21. Na3 Ne5 22. h4 Ra5 23. Qc3 Qa8 24. Bg2 Nc7 25. Qxc7 Rc8 26. Qxe7 Nc4 27. Bc5 Rxa3 28. bxa3 Nxa3+ 29. Kc1 Rxc5+ 30. Kd2 Rc2+ 31. Ke3 Nc4+ 32. Kf4 Rxg2 33. Ra1 Ra2 34. g6 hxg6 35. fxg6 fxg6 36. h5 Rxa1 37. Rxa1 Qxa1 38. Qe8+ Kh7 39. Qxg6+ 1/2-1/2

[Event "St Petersburg White Nights op"]
[Site "St Petersburg"]
[Date "2012.06.06"]
[Round "5"]
[White "Belenkaya, Dina"]
[Black "Kosov, Ivan"]
[Result "0-1"]
[WhiteElo "2226"]
[BlackElo "2363"]
[PlyCount "100"]
[EventDate "2012.06.02"]
[EventType "swiss"]
[EventRounds "9"]
[EventCountry "RUS"]
[SourceTitle "CBM 148 Extra"]
[Source "ChessBase"]
[SourceDate "2012.06.22"]
[SourceVersion "1"]
[SourceVersionDate "2012.06.22"]
[SourceQuality "1"]

1. e4 c5 2. Nf3 Nf6 3. e5 Nd5 4. c3 Nc6 5. d4 cxd4 6. cxd4 d6 7. Bc4 Nb6 8. Bb3 dxe5 9. Nxe5 Nxe5 10. dxe5 Qxd1+ 11. Kxd1 e6 12. Nc3 Bd7 13. Ke2 Bc6 14. f3 Nd7 15. Bf4 g5 16. Bg3 Bg7 17. Ne4 Bxe4 18. fxe4 Nxe5 19. Bxe5 Bxe5 20. Rac1 Ke7 21. Rc5 f6 22. h3 Rac8 23. Rhc1 Rxc5 24. Rxc5 h5 25. Bd1 Rd8 26. Rb5 b6 27. Rb3 Rd4 28. Bc2 Bf4 29. Bd3 Bd6 30. Rc3 Ra4 31. a3 Be5 32. Rc2 Kd6 33. Bc4 a6 34. Kf3 b5 35. Rd2+ Ke7 36. Bb3 Rd4 37. Rxd4 Bxd4 38. a4 Bxb2 39. axb5 axb5 40. Ke3 Kd6 41. Bd1 h4 42. Bb3 Ke5 43. Ba2 b4 44. Bb3 f5 45. Bc2 g4 46. Bd1 f4+ 47. Kd3 f3 48. gxf3 gxh3 49. Ke3 Bd4+ 50. Kd3 h2 0-1

[Event "St Petersburg White Nights op"]
[Site "St Petersburg"]
[Date "2012.06.05"]
[Round "4"]
[White "Kosov, Ivan"]
[Black "Svidinsky, Dmitry"]
[Result "1-0"]
[WhiteElo "2363"]
[BlackElo "2048"]
[PlyCount "75"]
[EventDate "2012.06.02"]
[EventType "swiss"]
[EventRounds "9"]
[EventCountry "RUS"]
[SourceTitle "CBM 148 Extra"]
[Source "ChessBase"]
[SourceDate "2012.06.22"]
[SourceVersion "1"]
[SourceVersionDate "2012.06.22"]
[SourceQuality "1"]

1. Nf3 d5 2. c4 d4 3. e3 Nc6 4. a3 a5 5. exd4 Nxd4 6. Nxd4 Qxd4 7. Nc3 Bg4 8. Qb3 Qe5+ 9. Be2 Bxe2 10. Nxe2 0-0-0 11. d3 Nf6 12. Be3 Ng4 13. d4 Qe4 14. 0-0 Nxe3 15. fxe3 e5 16. Ng3 Qg6 17. Rad1 exd4 18. exd4 Bd6 19. Nf5 Qh5 20. h3 g6 21. Nxd6+ Rxd6 22. d5 Rhd8 23. Qc3 a4 24. Rd4 Qe5 25. Rxf7 Rf6 26. Rxf6 Qxf6 27. c5 Kb8 28. c6 b6 29. Qc4 Re8 30. Rd1 Qf5 31. Qa6 Qc8 32. Qxa4 Re5 33. Qd4 Qe8 34. d6 Re1+ 35. Rxe1 Qxe1+ 36. Kh2 Qe8 37. d7 Qd8 38. a4 1-0

[Event "St Petersburg Autumn op"]
[Site "St Petersburg"]
[Date "2010.10.18"]
[Round "3"]
[White "Kosov, Ivan"]
[Black "Letov, Petr"]
[Result "1-0"]
[WhiteElo "2388"]
[BlackElo "2264"]
[PlyCount "77"]
[EventDate "2010.10.16"]
[EventType "swiss"]
[EventRounds "9"]
[EventCountry "RUS"]
[SourceTitle "EXT 2011"]
[Source "ChessBase"]
[SourceDate "2010.11.26"]
[SourceVersion "1"]
[SourceVersionDate "2010.11.26"]
[SourceQuality "1"]

1. c4 c5 2. Nf3 Nf6 3. g3 Nc6 4. Bg2 g6 5. Nc3 Bg7 6. 0-0 0-0 7. d4 cxd4 8. Nxd4 Nxd4 9. Qxd4 d6 10. Qh4 Qa5 11. Bd2 Be6 12. Rac1 Rab8 13. b3 a6 14. Rfd1 Qa3 15. Rc2 b5 16. Nd5 Bxd5 17. cxd5 b4 18. Rdc1 Rfe8 19. Bg5 Rb7 20. Rc8 Rb8 21. Rxb8 Rxb8 22. Rc2 Qa5 23. Qc4 h6 24. Bd2 Rb5 25. Qc8+ Kh7 26. e4 Rc5 27. Rxc5 Qxc5 28. Qxc5 dxc5 29. Be3 Nd7 30. Bh3 e6 31. dxe6 fxe6 32. Bxe6 Ne5 33. Bxc5 Nf3+ 34. Kg2 Ne1+ 35. Kf1 Bc3 36. Ke2 a5 37. Bb6 Nc2 38. Kd3 Ne1+ 39. Kc4 1-0

[Event "St Petersburg Ligovo"]
[Site "St Petersburg"]
[Date "2010.03.12"]
[Round "8"]
[White "Kosov, Ivan"]
[Black "Khusenkhojaev, Muhammad"]
[Result "1/2-1/2"]
[WhiteElo "2399"]
[BlackElo "2385"]
[PlyCount "28"]
[EventDate "2010.03.04"]
[EventType "tourn"]
[EventRounds "9"]
[EventCountry "RUS"]
[EventCategory "5"]
[SourceTitle "CBM 135 Extra"]
[Source "ChessBase"]
[SourceDate "2010.05.04"]
[SourceVersion "1"]
[SourceVersionDate "2010.05.04"]
[SourceQuality "1"]

1. Nf3 Nf6 2. c4 c5 3. Nc3 Nc6 4. g3 g6 5. Bg2 Bg7 6. 0-0 0-0 7. d3 d6 8. a3 a5 9. Ne1 e5 10. Nc2 Be6 11. Rb1 d5 12. cxd5 Nxd5 13. Ne3 Nde7 14. Qa4 Rc8 1/2-1/2

[Event "RUS-ch U18"]
[Site "Dagomys"]
[Date "2009.04.20"]
[Round "6"]
[White "Kosov, Ivan"]
[Black "Shukh, Nikolai"]
[Result "1-0"]
[WhiteElo "2399"]
[BlackElo "2338"]
[PlyCount "85"]
[EventDate "2009.04.15"]
[EventType "swiss"]
[EventRounds "9"]
[EventCountry "RUS"]
[SourceTitle "CBM 130 Extra"]
[Source "ChessBase"]
[SourceDate "2009.07.02"]
[SourceVersion "2"]
[SourceVersionDate "2009.07.15"]
[SourceQuality "1"]

1. e4 e5 2. Nf3 Nc6 3. Nc3 Nf6 4. g3 Bc5 5. Bg2 d6 6. d3 a6 7. 0-0 0-0 8. h3 h6 9. Be3 Bxe3 10. fxe3 Ne7 11. Nh4 c6 12. Qe2 d5 13. g4 dxe4 14. dxe4 Qb6 15. Rab1 Ng6 16. Nf5 Nf4 17. Qf2 Bxf5 18. exf4 Qxf2+ 19. Rxf2 Be6 20. f5 Bd7 21. Rd1 Rfd8 22. Rfd2 Kf8 23. Na4 Ke7 24. Nb6 Be8 25. Nxa8 Rxa8 26. Kf2 c5 27. Ke3 Bc6 28. Bf3 a5 29. h4 Ra6 30. g5 hxg5 31. hxg5 Nh7 32. Rg1 Nf8 33. Be2 Rb6 34. b3 a4 35. Bc4 Rb4 36. f6+ gxf6 37. gxf6+ Ke8 38. Rg8 b5 39. c3 bxc4 40. cxb4 c3 41. Rxf8+ Kxf8 42. Rd8+ Be8 43. bxc5 1-0

[Event "RUS-ch U18"]
[Site "Dagomys"]
[Date "2009.04.19"]
[Round "5"]
[White "Glidzhain, Gor Mikhailovich"]
[Black "Kosov, Ivan"]
[Result "0-1"]
[WhiteElo "2268"]
[BlackElo "2399"]
[PlyCount "104"]
[EventDate "2009.04.15"]
[EventType "swiss"]
[EventRounds "9"]
[EventCountry "RUS"]
[SourceTitle "CBM 130 Extra"]
[Source "ChessBase"]
[SourceDate "2009.07.02"]
[SourceVersion "2"]
[SourceVersionDate "2009.07.15"]
[SourceQuality "1"]

1. e4 c5 2. Nf3 e6 3. d4 cxd4 4. Nxd4 a6 5. c4 Qc7 6. Nc3 Nf6 7. Be2 b6 8. 0-0 Bb7 9. Qd3 d6 10. Be3 Nbd7 11. f3 Rc8 12. b3 Be7 13. Rac1 0-0 14. Rfd1 Qb8 15. Qb1 Bd8 16. Kh1 Re8 17. Bg1 h5 18. b4 h4 19. Bf2 h3 20. Rg1 Ne5 21. Qb3 Nh5 22. Be3 Ng6 23. g3 Nf6 24. Bf1 Ne5 25. Bxh3 Nxc4 26. Bf2 b5 27. a4 Bb6 28. axb5 Nd2 29. Qd1 Rxc3 30. Qxd2 Rxf3 31. Nxf3 Nxe4 32. Qe2 Nxf2+ 33. Kg2 Nxh3 34. Kxh3 Bxf3 35. Qxf3 Bxg1 36. bxa6 Ba7 37. Qc6 Rd8 38. b5 d5 39. Rb1 Qb6 40. Qxb6 Bxb6 41. Rc1 Rb8 42. Rc6 Bd4 43. Rc7 Rxb5 44. a7 Bxa7 45. Rxa7 d4 46. Rd7 Rd5 47. Rxd5 exd5 48. Kg4 f5+ 49. Kf3 g5 50. Ke2 f4 51. g4 Kf7 52. Kf2 d3 0-1

[Event "St Petersburg-ch 81st"]
[Site "St Petersburg"]
[Date "2009.02.27"]
[Round "11"]
[White "Matlakov, Maxim"]
[Black "Kosov, Ivan"]
[Result "1-0"]
[WhiteElo "2487"]
[BlackElo "2383"]
[PlyCount "52"]
[EventDate "2009.02.16"]
[EventType "tourn"]
[EventRounds "13"]
[EventCountry "RUS"]
[EventCategory "8"]
[SourceTitle "CBM 128 Extra"]
[Source "ChessBase"]
[SourceDate "2009.03.05"]
[SourceVersion "2"]
[SourceVersionDate "2009.03.25"]
[SourceQuality "1"]

1. d4 d5 2. c4 c6 3. Nf3 e6 4. e3 Bd6 5. Bd3 f5 6. 0-0 Nf6 7. b3 Qe7 8. Bb2 0-0 9. Qc1 b6 10. Ba3 Bb7 11. Bxd6 Qxd6 12. Nc3 Nbd7 13. cxd5 Nxd5 14. Bc4 Kh8 15. Rd1 Rac8 16. Qb2 Nxc3 17. Qxc3 Nf6 18. b4 Rce8 19. Qb3 f4 20. e4 Nxe4 21. Re1 Nf6 22. Bxe6 Bc8 23. Ng5 Bxe6 24. Nxe6 f3 25. Nxf8 Ng4 26. Ng6+ hxg6 1-0

[Event "St Petersburg-ch 81st"]
[Site "St Petersburg"]
[Date "2009.02.20"]
[Round "4"]
[White "Pogosian, Vladimir"]
[Black "Kosov, Ivan"]
[Result "1/2-1/2"]
[WhiteElo "2308"]
[BlackElo "2383"]
[PlyCount "37"]
[EventDate "2009.02.16"]
[EventType "tourn"]
[EventRounds "13"]
[EventCountry "RUS"]
[EventCategory "8"]
[SourceTitle "CBM 128 Extra"]
[Source "ChessBase"]
[SourceDate "2009.03.05"]
[SourceVersion "2"]
[SourceVersionDate "2009.03.25"]
[SourceQuality "1"]

1. e4 c5 2. Nf3 e6 3. d4 cxd4 4. Nxd4 a6 5. Bd3 Bc5 6. Nb3 Ba7 7. Nc3 Nc6 8. Bf4 d6 9. Qd2 Nge7 10. Rd1 e5 11. Bg5 Be6 12. Be2 Nd4 13. Nxd4 Bxd4 14. Nd5 Bxd5 15. exd5 f6 16. Be3 Bxe3 17. fxe3 f5 18. 0-0 0-0 19. c4 1/2-1/2

[Event "St Petersburg-ch 81st"]
[Site "St Petersburg"]
[Date "2009.02.18"]
[Round "2"]
[White "Vysochin, Spartak"]
[Black "Kosov, Ivan"]
[Result "1-0"]
[WhiteElo "2526"]
[BlackElo "2383"]
[PlyCount "39"]
[EventDate "2009.02.16"]
[EventType "tourn"]
[EventRounds "13"]
[EventCountry "RUS"]
[EventCategory "8"]
[SourceTitle "CBM 128 Extra"]
[Source "ChessBase"]
[SourceDate "2009.03.05"]
[SourceVersion "2"]
[SourceVersionDate "2009.03.25"]
[SourceQuality "1"]

1. e4 d5 2. exd5 Qxd5 3. Nc3 Qd8 4. d4 c6 5. Nf3 Bf5 6. Ne5 Nd7 7. Qf3 Bg6 8. Nxd7 Qxd7 9. d5 Nf6 10. dxc6 bxc6 11. Bb5 Rc8 12. Ba6 Rd8 13. 0-0 Bh5 14. Qg3 e6 15. Bf4 Qd4 16. Be5 Qb6 17. Bd3 Rd7 18. Qh4 Qa5 19. Bxf6 gxf6 20. Ne4 1-0

[Event "Peterhof-B"]
[Site "Peterhof"]
[Date "2009.01.05"]
[Round "4"]
[White "Khruschiov, Alexey"]
[Black "Kosov, Ivan"]
[Result "1/2-1/2"]
[WhiteElo "2498"]
[BlackElo "2383"]
[PlyCount "143"]
[EventDate "2009.01.03"]
[EventType "tourn"]
[EventRounds "11"]
[EventCountry "RUS"]
[EventCategory "7"]
[SourceTitle "CBM 128 Extra"]
[Source "ChessBase"]
[SourceDate "2009.03.05"]
[SourceVersion "2"]
[SourceVersionDate "2009.03.25"]
[SourceQuality "1"]

1. d4 d5 2. c4 c6 3. Nf3 Nf6 4. e3 Bg4 5. h3 Bxf3 6. Qxf3 e6 7. Bd3 Nbd7 8. 0-0 Be7 9. Nc3 0-0 10. Bd2 Re8 11. Rfd1 Bf8 12. Rac1 Rc8 13. Be1 g6 14. a3 a6 15. cxd5 exd5 16. b4 Bd6 17. Na4 b5 18. Nc5 Nxc5 19. dxc5 Bb8 20. Bc3 Ne4 21. Bb2 f5 22. g3 Re6 23. h4 Qe7 24. Bd4 Rf8 25. Kg2 Nf6 26. a4 Nh5 27. axb5 axb5 28. Ra1 Qb7 29. Re1 Ree8 30. Kf1 Qd7 31. Ra8 Qb7 32. Rea1 Qd7 33. Bc2 Qb7 34. R1a6 Re7 35. Kg1 Ree8 36. Bd3 Re7 37. Bf1 Re4 38. Qd1 Bxg3 39. R6a7 Qxa8 40. Rxa8 Bxf2+ 41. Kxf2 Rxa8 42. Be2 Rxh4 43. Bxh5 Rxh5 44. Qg1 Kf7 45. Qg3 f4 46. exf4 Ra2+ 47. Kg1 Rhh2 48. Qxh2 Rxh2 49. Kxh2 Ke6 50. Kg3 Kf5 51. Kf3 h6 52. Bf2 h5 53. Bh4 Ke6 54. Be1 Kf5 55. Bd2 Kf6 56. Kg3 Kf5 57. Kh4 d4 58. Bc1 d3 59. Bd2 Ke4 60. Kg5 Kf3 61. Kxg6 Ke2 62. Bc3 h4 63. f5 h3 64. f6 h2 65. f7 h1Q 66. f8Q d2 67. Bxd2 Kxd2 68. Qf4+ Kc3 69. Kf6 Qd5 70. Ke7 Kb3 71. Qg4 Ka4 72. Qf4 1/2-1/2

[Event "Peterhof-B"]
[Site "Peterhof"]
[Date "2009.01.03"]
[Round "1"]
[White "Kosov, Ivan"]
[Black "Khusenkhojaev, Muhammad"]
[Result "1-0"]
[WhiteElo "2383"]
[BlackElo "2373"]
[PlyCount "103"]
[EventDate "2009.01.03"]
[EventType "tourn"]
[EventRounds "11"]
[EventCountry "RUS"]
[EventCategory "7"]
[SourceTitle "CBM 128 Extra"]
[Source "ChessBase"]
[SourceDate "2009.03.05"]
[SourceVersion "2"]
[SourceVersionDate "2009.03.25"]
[SourceQuality "1"]

1. c4 Nf6 2. Nf3 e6 3. g3 d5 4. cxd5 exd5 5. Bg2 Bd6 6. 0-0 0-0 7. b3 Bg4 8. Bb2 Nbd7 9. d3 Qe7 10. Nbd2 Ba3 11. Bxa3 Qxa3 12. Qc2 c6 13. h3 Bh5 14. g4 Bg6 15. Nh4 Qe7 16. e4 dxe4 17. dxe4 Rad8 18. Rad1 Qc5 19. Qxc5 Nxc5 20. f3 Rd4 21. Nc4 Rfd8 22. Ne3 Kf8 23. Rxd4 Rxd4 24. Rd1 Rxd1+ 25. Nxd1 Ne8 26. Kf2 f6 27. Nxg6+ hxg6 28. h4 a5 29. Ke3 Ke7 30. g5 Nd6 31. Nc3 b5 32. Ne2 a4 33. Nd4 Kd7 34. f4 axb3 35. axb3 Ne6 36. Bh3 f5 37. exf5 Nxd4 38. Kxd4 gxf5 39. Ke5 g6 40. Kf6 c5 41. Kxg6 c4 42. bxc4 bxc4 43. Bf1 c3 44. Bd3 Ke7 45. h5 Kf8 46. h6 Kg8 47. Kf6 Kh7 48. Ke6 Nb5 49. Kxf5 Na3 50. Kf6+ Kg8 51. g6 c2 52. h7+ 1-0

[Event "Petrovskaya Ladya GM-B"]
[Site "Peterhof"]
[Date "2008.08.19"]
[Round "11"]
[White "Savchenko, Stanislav"]
[Black "Kosov, Ivan"]
[Result "1/2-1/2"]
[WhiteElo "2557"]
[BlackElo "2405"]
[PlyCount "43"]
[EventDate "2008.08.12"]
[EventType "tourn"]
[EventRounds "11"]
[EventCountry "RUS"]
[EventCategory "7"]
[SourceTitle "CBM 125 Extra"]
[Source "ChessBase"]
[SourceDate "2008.09.01"]
[SourceVersion "1"]
[SourceVersionDate "2008.09.01"]
[SourceQuality "1"]

1. d4 d5 2. c4 c6 3. cxd5 cxd5 4. Nf3 Nf6 5. Nc3 a6 6. Bf4 Nc6 7. Rc1 Ne4 8. Ne5 Nxe5 9. Bxe5 e6 10. Nxe4 dxe4 11. a3 Qa5+ 12. Qd2 Qxd2+ 13. Kxd2 Bd7 14. e3 Bc6 15. Be2 Kd7 16. Rc3 f6 17. Bg3 Be7 18. Rhc1 Rhc8 19. f3 f5 20. fxe4 fxe4 21. Be5 g6 22. Rf1 1/2-1/2

[Event "Petrovskaya Ladya GM-B"]
[Site "Peterhof"]
[Date "2008.08.18"]
[Round "10"]
[White "Kosov, Ivan"]
[Black "Kim, Alexey"]
[Result "1/2-1/2"]
[WhiteElo "2405"]
[BlackElo "2460"]
[PlyCount "20"]
[EventDate "2008.08.12"]
[EventType "tourn"]
[EventRounds "11"]
[EventCountry "RUS"]
[EventCategory "7"]
[SourceTitle "CBM 125 Extra"]
[Source "ChessBase"]
[SourceDate "2008.09.01"]
[SourceVersion "1"]
[SourceVersionDate "2008.09.01"]
[SourceQuality "1"]

1. e4 c5 2. Nf3 e6 3. c4 Nc6 4. Nc3 a6 5. Be2 Qc7 6. 0-0 Nf6 7. d4 cxd4 8. Nxd4 Be7 9. Be3 d6 10. Rc1 Ne5 1/2-1/2